Hollywood and The Pentagon: A Dangerous Liaison (Record no. 333532)
[ view plain ]
| 000 -LEADER | |
|---|---|
| fixed length control field | 00560nam a2200097Ia 4500 |
| 008 - FIXED-LENGTH DATA ELEMENTS--GENERAL INFORMATION | |
| fixed length control field | 170517s9999 xx 000 0 und d |
| 245 ## - TITLE STATEMENT | |
| Title | Hollywood and The Pentagon: A Dangerous Liaison |
| 300 ## - PHYSICAL DESCRIPTION | |
| Extent | The American Army's intrusion in Hollywood war films may surprise some. In fact, the U.S. Army secret services have had close ties with American filmmakers for several decades. The movie Top Gun, for instance, was filmed with the support and approval of the U.S. Army.... |
| 650 ## - SUBJECT ADDED ENTRY--TOPICAL TERM | |
| General subdivision | Media. |
| 856 ## - ELECTRONIC LOCATION AND ACCESS | |
| Uniform Resource Identifier | <a href="http://topdocumentaryfilms.com/hollywood-and-the-pentagon/">http://topdocumentaryfilms.com/hollywood-and-the-pentagon/</a> |
| Withdrawn status | Lost status | Damaged status | Home library | Current library | Date acquired | Total Checkouts | Date last seen | Price effective from | Koha item type |
|---|---|---|---|---|---|---|---|---|---|
| College Library | College Library | 05/17/2017 | 05/17/2017 | 05/17/2017 | Documentary Films |